[Event "IV Zicosur Open 2019"]
[Site "Antofagasta"]
[Date "2019.01.08"]
[Round "6"]
[White "Bacallao Alonso, Yusnel"]
[Black "Abarca Gonzalez, Nicolas"]
[Result "1-0"]
[WhiteElo "2583"]
[BlackElo "2416"]
[Annotator "TA"]
[PlyCount "69"]
[EventDate "2019.01.05"]
[EventType "swiss"]
[EventCountry "CHI"]
[SourceTitle "playchess.com"]
[Source "ChessBase"]
[SourceQuality "1"]

{[%evp 27,69,14,10,0,19,0,75,82,75,84,72,69,74,70,91,79,78,77,411,419,493,489,483,452,451,406,480,452,582,581,556,524,545,538,638,640,776,783,754,747,729,718,818,815]} 1. e4 c5 2. Nf3 d6 3. d4 cxd4 4. Nxd4 Nf6 5. Nc3 a6 6. Be2 e5 7. Nb3 Be7 8. Bg5 O-O 9. Bxf6 Bxf6 10. Qd3 Be6 11. O-O-O {B92: Sicilian Najdorf: 6 Be2} (11. Rd1 Be7 12. Nd5 Bxd5 13. Qxd5 Qc7 14. c3 Nd7 15. Nd2 Rad8 16. O-O Bg5 17. Nf3 Nb6 18. Qb3 Bh6 {½-½ (32) Mastrovasilis,D (2580)-Saric,I (2689) Rio Achaea 2018}) 11... Be7 12. Nd5 Bxd5 13. Qxd5 Nc6 14. Kb1 Qc7 {LiveBook: 3 Games} 15. c3 b5 16. Rhf1 b4 {[#]} (16... Rfd8 $11 {keeps the balance.}) 17. Rc1 $1 $16 {Hoping for cxb4.} Qb6 $146 ({Predecessor:} 17... Bg5 18. cxb4 Bxc1 19. Rxc1 Rfc8 20. Bg4 Qb6 21. Bxc8 Rxc8 22. Qxd6 {1-0 (22) Pierrot,J (2444)-Maucci,L (1970) Mar del Plata 2012}) 18. cxb4 Nxb4 19. Qa5 Qb7 20. Rc4 Rfb8 21. Rfc1 {Rxb4! is the strong threat.} Bd8 22. Qa4 $36 {[%cal Ra4e8][%mdl 2048] White is on the roll.} Bg5 $2 {[%mdl 8192] [#]} (22... g6 $16 {is tougher.}) 23. Rxb4 $1 $18 {[%mdl 512]} Qxb4 {[#]} 24. Rc8+ $1 {[%mdl 576] Deflection} Rxc8 25. Qxb4 a5 26. Qa4 Rcb8 27. Bc4 {White is clearly winning.} Rb4 28. Qc6 {[%mdl 64] Double Attack} Rab8 29. a3 R4b6 30. Qa4 h6 31. Qxa5 Rxb3 32. Bxb3 Rxb3 33. Qa8+ Kh7 34. Qd5 Rb6 35. b4 {Accuracy: White = 84%, Black = 36%.} 1-0

[Event "IV Zicosur Open 2019"]
[Site "Antofagasta"]
[Date "2019.01.08"]
[Round "6"]
[White "Cruz, Cristhian"]
[Black "Martinez Alcantara, Jose Eduardo"]
[Result "1/2-1/2"]
[WhiteElo "2564"]
[BlackElo "2541"]
[Annotator "TA"]
[PlyCount "51"]
[EventDate "2019.01.05"]
[EventType "swiss"]
[EventCountry "CHI"]
[SourceTitle "playchess.com"]
[Source "ChessBase"]
[SourceQuality "1"]

{[%evp 22,51,23,18,27,0,0,0,0,0,13,-7,0,-14,0,0,0,0,12,0,20,0,0,0,0,0,0,0,0,-151,-26,-166]} 1. d4 Nf6 2. c4 e6 3. Nc3 Bb4 4. Qc2 O-O 5. a3 Bxc3+ 6. Qxc3 b6 7. Nf3 Bb7 8. e3 d6 9. b3 Nbd7 10. Bb2 Qe7 11. Be2 c5 12. O-O {LiveBook: 12 Games} Rfd8 {E32: Nimzo-Indian: Classical (4 Qc2): 4...0-0} (12... Rac8 13. Rac1 Rfd8 14. Rfd1 Nf8 15. dxc5 bxc5 16. Nd2 e5 17. Bf3 Ng6 18. Bxb7 Qxb7 19. Qc2 h6 20. Bc3 {1-0 (41) Noe,C (2494)-Kasimdzhanov,R (2676) Karlsruhe 2018}) 13. Rad1 $146 ({Predecessor:} 13. Rfd1 Rac8 {½-½ (13) Draskovic,L (2419)-Drasko,M (2431) Podgorica 2014}) 13... d5 14. cxd5 Nxd5 {The position is equal.} 15. Qd2 Rac8 16. Bc4 N5f6 17. Qe2 h6 18. dxc5 Nxc5 19. Rxd8+ Rxd8 20. Rd1 Bd5 21. Bxf6 Qxf6 22. Bxd5 Rxd5 23. Rxd5 exd5 24. Nd4 Ne6 25. Nc2 $2 {[#]} ({White should try} 25. Qf3 $11) 25... Qc3 (25... Qb2 $17 26. Nd4 Qc1+ 27. Qf1 {[#]} Nxd4 $1 {[%mdl 512]} 28. exd4 Qxa3) 26. Nd4 {Accuracy: White = 32%, Black = 35%.} (26. b4 $11 {and White is okay.}) 1/2-1/2

[Event "IV Zicosur Open 2019"]
[Site "Antofagasta"]
[Date "2019.01.08"]
[Round "6"]
[White "Gonzalez Vidal, Yuri"]
[Black "Granda Zuniga, Julio E"]
[Result "1/2-1/2"]
[WhiteElo "2562"]
[BlackElo "2641"]
[Annotator "TA"]
[PlyCount "64"]
[EventDate "2019.01.05"]
[EventType "swiss"]
[EventCountry "CHI"]
[SourceTitle "playchess.com"]
[Source "ChessBase"]
[SourceQuality "1"]

{[%evp 12,64,42,39,55,46,65,55,57,37,66,42,52,37,52,28,89,65,68,25,36,24,31,35,31,-30,-19,-25,0,-14,-14,-14,-14,-21,-14,-22,-21,-21,-21,-21,-21,-21,-21,-21,-21,-21,-21,-21,-21,-74,-75,-110,0,0,0]} 1. e4 e5 2. Nf3 Nc6 3. Bc4 Nf6 4. d3 Be7 5. O-O O-O 6. Re1 d6 7. a4 {LiveBook: 1302 Games} b6 {C55: Two Knights: 4 d3, 4 d4 exd4 5 e5 and Max Lange Attack} (7... Kh8 8. Nc3 Ng8 9. Nd5 f5 10. h3 fxe4 11. dxe4 Nf6 12. a5 a6 13. Ra3 Be6 14. Nxf6 Bxc4 15. Nd5 Bb5 {½-½ (67) Caruana,F (2822)-Grischuk,A (2766) Saint Louis 2018}) 8. c3 Bb7 9. Nbd2 Qd7 $146 {White is slightly better.} ({Predecessor:} 9... Ne8 10. Nf1 g6 11. Bh6 Ng7 12. Ne3 Qd7 13. d4 Rad8 14. Nd5 Kh8 15. Bb5 {1-0 (50) Karpatchev,A (2513)-Reichstein,H (2077) Neustadt an der Weinstrasse 2017}) 10. Nf1 Rae8 11. Bg5 Nd8 12. Ng3 Ne6 13. Bd2 c6 (13... a6 $11 {remains equal.}) 14. b4 Bd8 15. Bb3 c5 16. b5 a5 17. bxa6 Bxa6 18. Bc4 (18. Be3 $14) 18... Bxc4 $11 19. dxc4 Bc7 20. Bg5 Nxg5 21. Nxg5 Ra8 22. Re2 g6 23. f3 Ra6 24. Rea2 Rfa8 25. Nh3 Bd8 26. Nf1 Ne8 27. Ne3 Nc7 28. Qc2 h5 29. Qb3 Bf6 30. Nd5 (30. Kf1 $11) 30... Nxd5 $17 31. cxd5 {[#]} Bg7 (31... c4 $1 $17 {[%cal Rc4b3][%mdl 512]} 32. Qb4 (32. Qxc4 b5) 32... Ra5) 32. c4 $11 Bf6 {Accuracy: White = 51%, Black = 65%.} 1/2-1/2

[Event "IV Zicosur Open 2019"]
[Site "Antofagasta"]
[Date "2019.01.08"]
[Round "6"]
[White "Perez Ponsa, Federico"]
[Black "Flores, Diego"]
[Result "1-0"]
[WhiteElo "2560"]
[BlackElo "2609"]
[Annotator "TA"]
[PlyCount "59"]
[EventDate "2019.01.05"]
[EventType "swiss"]
[EventCountry "CHI"]
[SourceTitle "playchess.com"]
[Source "ChessBase"]
[SourceQuality "1"]

{[%evp 22,59,10,-13,0,-12,-5,-14,43,36,53,23,79,36,39,38,36,37,37,34,78,39,97,102,159,149,167,147,251,247,247,258,252,241,339,304,396,385,1020,944]} 1. c4 e6 2. Nf3 d5 3. b3 Nf6 4. Bb2 b6 5. g3 Be7 6. Bg2 O-O 7. O-O Bb7 8. e3 dxc4 9. bxc4 c5 10. Qe2 Nc6 11. Nc3 Rc8 {[%cal Ba8c8,Bc8c7,Bc7d7][%mdl 32]} 12. Ne1 {[%cal Bf3e1,Be1c2,Bc2e3][%mdl 32] LiveBook: 14 Games. A14: English Opening: 1...e6 with b3 by White} Rc7 (12... Qd7 13. f4 Rfd8 14. Rd1 Na5 15. Bxb7 Qxb7 16. d3 a6 17. a4 Ne8 18. f5 Bf6 19. fxe6 fxe6 {0-1 (49) Giri,A (2771)-So,W (2812) Stavanger 2017}) 13. f4 Rd7 14. d3 $146 {The position is equal.} ({Predecessor:} 14. Rd1 Qa8 15. d3 Rfd8 16. g4 Nb4 17. Rf2 Ne8 18. a3 Nc6 19. Nf3 Bf6 {1-0 (38) Dizdar,G (2380)-Kelecevic,N (2390) Vrbas 1982}) 14... Qa8 (14... Ne8 $11) 15. f5 $14 exf5 16. Rxf5 Bd8 (16... Qc8 $11) 17. Nc2 (17. Bh3 $5 {[%cal Rf5f6]} Bc8 18. Rf4 $16) 17... Ne8 18. Raf1 Ne7 $1 {[#] Strongly threatening ...Bxg2.} 19. Bxb7 Qxb7 20. R5f2 $36 {[%mdl 2048] White is more active.} Ng6 21. e4 (21. h4 {is more complex.} f6 22. e4 b5 23. Ne3 bxc4 24. Nxc4 Bc7 25. h5) 21... Nc7 (21... Bc7 $14) 22. Ne3 $16 a6 ({Better is} 22... f6) 23. Ncd5 Nxd5 24. cxd5 Re8 (24... f6 $16 25. h4 Rdf7) 25. h4 $18 {[%cal Bh2h4,Bh4h5,Bh5h6][%mdl 32]} Qc7 26. h5 Ne5 ({But not} 26... Qxg3+ 27. Rg2 $18) 27. Ng4 f6 (27... h6 {keeps fighting.} 28. Nxe5 Rxe5 29. Bxe5 Qxe5) 28. h6 Nxg4 29. Qxg4 c4 $2 {[#]} (29... Rf7 30. Bxf6 Bxf6 31. Rxf6 Qd7 32. Qxd7 (32. Rxf7 Qxg4 33. Rxg7+ Qxg7 $18) 32... Rxd7) 30. Bxf6 {Accuracy: White = 66%, Black = 32%.} 1-0

[Event "IV Zicosur Open 2019"]
[Site "Antofagasta"]
[Date "2019.01.08"]
[Round "6"]
[White "Acosta, Pablo Ismael"]
[Black "Pichot, Alan"]
[Result "0-1"]
[WhiteElo "2463"]
[BlackElo "2581"]
[Annotator "TA"]
[PlyCount "122"]
[EventDate "2019.01.05"]
[EventType "swiss"]
[EventCountry "CHI"]
[SourceTitle "playchess.com"]
[Source "ChessBase"]
[SourceQuality "1"]

{[%evp 16,122,9,12,6,9,23,0,0,0,0,0,0,0,0,0,0,-2,0,-10,0,-7,-4,-4,-4,-18,-4,-4,-6,-11,-11,-11,-11,-11,-11,-11,-11,-11,-11,-11,-11,-11,-7,-7,-4,-4,-4,-4,-4,-4,-4,-7,0,0,0,0,0,0,0,0,0,0,0,0,0,0,0,0,0,-8,-8,-8,-8,-8,-8,-8,-8,-1155,-1062,-352,-352,-274,-8,-8,-8,-8,-8,-126,0,0,0,0,0,0,0,-5169,-8,-5167,-5167,-5167,-5145,-5145,-5145,-5145,-5120,-5106,-243,-5073,-5073]} 1. c4 c5 2. Nc3 Nc6 3. e3 e5 4. Nf3 Nf6 5. Be2 d5 6. cxd5 {A34: Symmetrical English: 2 Nc3, lines with ...d5} (6. d4 exd4 7. exd4 cxd4 8. Nxd4 dxc4 9. Nxc6 Qxd1+ 10. Kxd1 bxc6 11. Bxc4 Bg4+ 12. Kc2 Bf5+ 13. Bd3 Bxd3+ 14. Kxd3 O-O-O+ 15. Kc2 Bc5 {½-½ (33) So,W (2778)-Vachier Lagrave,M (2789) Leuven 2018}) 6... Nxd5 7. O-O Be7 8. d4 exd4 9. exd4 {LiveBook: 11 Games} Nxc3 10. bxc3 {next d5 is good for White.} O-O 11. Be3 cxd4 12. Nxd4 Bd7 13. Rb1 $146 ({Predecessor:} 13. Bf3 Qc8 14. Qb3 Bf6 15. Rac1 Qc7 16. Bd5 Na5 17. Qb4 Rad8 18. c4 Nc6 19. Nxc6 bxc6 20. Bf3 Rb8 {½-½ (20) Visti,H-Kanko,I (2345) Kuopio 1995}) 13... Nxd4 14. Bxd4 b6 15. Bc4 Rc8 16. Bb3 Bc5 17. Re1 Bc6 18. Re3 Qd6 19. Bxc5 Qxc5 20. Qd4 $1 Qxd4 21. cxd4 Rfe8 22. Rc1 {Hoping for Rxc6!} Bd7 23. Rxe8+ Rxe8 $11 {[%mdl 4096] Endgame KRB-KRB} 24. f4 {Black should prevent Rc7.} Rc8 25. Rxc8+ Bxc8 {KB-KB} 26. a3 Kf8 27. Kf2 Ke7 28. Ke3 b5 29. Kd2 Bf5 30. Kc3 a5 31. Bd5 f6 32. Bc6 Bd7 33. Be4 g6 34. g3 Kd6 35. Bf3 g5 36. fxg5 fxg5 37. h4 g4 38. Be4 h6 $1 39. Bg2 Bc6 40. Bf1 $1 Be8 41. Be2 Bd7 {White must now prevent ...Kd5.} 42. Bf1 b4+ 43. axb4 axb4+ 44. Kxb4 Kd5 45. Kc3 {Threatens to win with Bg2+.} Ke4 $1 {[%cal Re4f3]} 46. Kd2 $2 {[%mdl 8192]} (46. Bg2+ $11 Ke3 47. Bb7) 46... Kf3 $19 47. h5 Kxg3 48. Ke3 Kh2 $2 (48... Bc6 $1 $19 {Strongly threatening ...Kh2.} 49. Be2 Bd5) 49. d5 $11 g3 50. Kf3 {[#]} Bb5 $1 {[%mdl 512]} 51. d6 (51. Bg2 $11 {was the only way to keep the balance.}) (51. Bxb5 g2) 51... Ba4 (51... Bxf1 $17 52. d7 g2) 52. Kf4 Bc6 53. Ke5 Kg1 54. Bh3 Kf2 55. Kf4 $2 {[%mdl 8192] [#]} (55. Ke6 $11 g2 56. Bxg2 $1 {[%mdl 512]} Kxg2 57. d7 (57. Ke7 Kg3 $11) 57... Bxd7+ 58. Kxd7) 55... Be8 $2 (55... Bd7 $1 $19 {[%cal Rd7h3][%mdl 512]} 56. Bxd7 g2) 56. Ke5 $2 {[%mdl 8192] [#]} ({Don't go for} 56. d7 $2 {[#]} Bxd7 $1 {[%mdl 512]} 57. Bxd7 g2 $19) (56. Kg4 $11) 56... Bd7 $1 $19 {[%cal Rd7h3][%mdl 512]} 57. Bxd7 g2 58. Be6 g1=Q 59. d7 Qg3+ 60. Kf6 Qg5+ 61. Kf7 Qd8 {Precision: White = 56%, Black = 63%.} 0-1

[Event "IV Zicosur Open 2019"]
[Site "Antofagasta"]
[Date "2019.01.09"]
[Round "7"]
[White "Pichot, Alan"]
[Black "Bacallao Alonso, Yusnel"]
[Result "0-1"]
[WhiteElo "2581"]
[BlackElo "2583"]
[Annotator "TA"]
[PlyCount "102"]
[EventDate "2019.01.05"]
[EventType "swiss"]
[EventCountry "CHI"]
[SourceTitle "playchess.com"]
[Source "ChessBase"]
[SourceQuality "1"]

{[%evp 17,102,21,25,29,33,31,39,36,21,16,16,0,1,8,9,10,1,0,7,4,10,8,12,0,15,0,14,0,0,-17,-14,-21,-19,-56,-44,-52,-19,-43,0,-68,0,-76,0,0,0,0,0,0,0,0,0,0,0,-128,-21,-119,-127,-131,-122,-134,-129,-278,-268,-241,-252,-302,-301,-365,-355,-602,-592,-579,-575,-597,-598,-586,-537,-547,-511,-9432,-9432,-7096,-7067,-6131,-6086,-5281,-5263]} 1. e4 c6 2. d4 d5 3. e5 Bf5 4. Nd2 e6 5. Nb3 Ne7 6. Nf3 {B12: Caro-Kann: Advance Variation} h6 7. Be2 Nd7 8. O-O Nc8 (8... g5 9. Ne1 Qc7 10. f4 c5 11. Nxc5 Nxc5 12. dxc5 Qxc5+ 13. Kh1 d4 14. Nd3 Qc7 15. fxg5 {0-1 (32) Shirov,A (2636)-Nakamura,H (2763) Douglas 2018}) 9. a4 Be7 {LiveBook: 41 Games} 10. Be3 O-O 11. Ne1 Ncb6 $146 ({Predecessor:} 11... c5 12. Nxc5 Bxc5 13. dxc5 Nxe5 14. f4 Nd7 {½-½ (65) Brandenburg,D (2483)-Willemze,T (2417) Wijk aan Zee 2007}) 12. Nd2 a5 13. f4 c5 14. Bd3 cxd4 15. Bxd4 Bc5 16. Nb3 Bxd4+ 17. Nxd4 Be4 18. Bb5 Nc5 19. Qe2 Nc8 20. Ra3 Qb6 21. Qe3 Ne7 22. Rc3 {Nb3 is the strong threat.} Rfc8 23. g4 Na6 24. Rxc8+ (24. f5 {with more complications.} Rxc3 25. bxc3 exf5 26. gxf5 Kh7 27. f6) 24... Rxc8 25. f5 exf5 26. gxf5 Nc6 27. Bxc6 bxc6 28. c3 ({White should try} 28. f6 $1 $11 Nc7 29. fxg7) 28... Re8 ({Don't play} 28... Qxb2 $6 29. f6 $11) (28... Kh7 $15) 29. Qg3 {[#]} (29. e6 $1 $11) 29... Nc7 ({Of course not} 29... Qxb2 30. f6 $14) (29... Kh8 $1 $17) 30. e6 $1 $11 {[%cal Re6f7] [#]} Nxe6 $1 {[%mdl 512]} 31. fxe6 Rxe6 {aiming for ...Rg6.} 32. Rf4 $1 Rg6 $36 {[%mdl 2048] Black has some pressure.} 33. Rg4 Rxg4 34. Qxg4 Qxb2 35. Qg3 (35. Qc8+ $11 Kh7 36. Qxc6) 35... c5 (35... Qa3 $17 36. Nxc6 Kh7) 36. Nb5 (36. Nc6 $1 $11 {remains equal.}) 36... Qa1 $17 37. Nd6 Qxa4 38. Qf4 f6 39. Nxe4 (39. Kf1 $17 {was called for.}) 39... Qxe4 $19 ({And not} 39... dxe4 40. Qb8+ Kf7 41. Qd6 $11) 40. Qd2 a4 41. Nc2 h5 42. h4 Kh8 43. Na3 $2 (43. Qf2) 43... Qg4+ {Black is clearly winning.} 44. Kf1 Qf3+ 45. Kg1 {[#]} d4 $1 {[%mdl 512]} 46. Nb5 (46. cxd4 Qxa3) 46... Qg4+ 47. Kf1 Qxh4 48. cxd4 (48. Qd3 $142 Qf4+ 49. Ke2) 48... Qh1+ 49. Kf2 Qh2+ 50. Ke3 Qxd2+ 51. Kxd2 cxd4 {Accuracy: White = 34%, Black = 68%.} 0-1

[Event "IV Zicosur Open 2019"]
[Site "Antofagasta"]
[Date "2019.01.08"]
[Round "7"]
[White "Martinez Alcantara, Jose Eduardo"]
[Black "Perez Ponsa, Federico"]
[Result "1-0"]
[WhiteElo "2541"]
[BlackElo "2560"]
[Annotator "ChessBase"]
[PlyCount "23"]
[EventDate "2019.01.05"]
[EventType "swiss"]
[EventCountry "CHI"]
[SourceTitle "playchess.com"]
[Source "ChessBase"]
[SourceQuality "1"]
[TimeControl "5400+30"]

1. c4 {[%emt 0:00:57]} g6 {[%emt 0:00:00]} 2. d4 {[%emt 0:00:39]} Nf6 {[%emt 0:00:00]} 3. Nf3 {[%emt 0:00:08]} Bg7 {[%emt 0:00:03]} 4. g3 {[%emt 0:00:04]} O-O {[%emt 0:00:05]} 5. Bg2 {[%emt 0:00:08]} d6 {[%emt 0:00:07]} 6. O-O {[%emt 0:00:06]} Bf5 {[%emt 0:00:56]} 7. Nh4 {[%emt 0:03:29]} Be4 {[%emt 0:00:56]} 8. Nf3 {[%emt 0:02:24]} Bf5 {[%emt 0:02:07]} 9. Qb3 {[%emt 0:04:11]} Nc6 {[%emt 0:00:29]} 10. Qxb7 {[%emt 0:07:30]} Na5 {[%emt 0:00:10]} 11. Qa6 {[%emt 0:01:37]} c5 {[%emt 0:08:49]} 12. Bd2 {[%emt 0:00:16]} 1-0

[Event "IV Zicosur Open 2019"]
[Site "Antofagasta"]
[Date "2019.01.08"]
[Round "7"]
[White "Vera Siguenas, Deivy"]
[Black "Cruz, Cristhian"]
[Result "1/2-1/2"]
[WhiteElo "2483"]
[BlackElo "2564"]
[Annotator "TA"]
[PlyCount "58"]
[EventDate "2019.01.05"]
[EventType "swiss"]
[EventCountry "CHI"]
[SourceTitle "playchess.com"]
[Source "ChessBase"]
[SourceQuality "1"]

{[%evp 23,58,0,0,0,11,-14,-13,-13,0,-27,-14,-17,-36,-34,-14,-17,-2,-10,-6,-23,-20,-25,-20,-20,-18,-18,-18,-21,-18,-19,-16,-18,-16,-23,-7,-7,0]} 1. e4 e5 2. Nf3 Nc6 3. Bc4 Bc5 4. O-O Nf6 5. d3 d6 6. c3 a6 7. Bb3 O-O 8. h3 {C54: Giuoco Piano: 4 c3 Nf6, main lines with 5 d4 and 5 d3} h6 9. Re1 Re8 10. Nbd2 Be6 11. Nf1 (11. Bc2 d5 12. exd5 Qxd5 13. b4 Bf8 14. a4 b5 {½-½ (60) Aronian,L (2764)-Karjakin,S (2782) Paris 2018}) 11... d5 12. exd5 Bxd5 {LiveBook: 14 Games} 13. Be3 Bf8 14. Ng3 Bxb3 15. axb3 a5 16. Qc2 Qd7 17. Rad1 Rad8 18. Bc1 Bc5 19. Ne4 Nxe4 20. dxe4 Qe6 21. Rxd8 (21. Nh2 {feels hotter.} Ne7 22. Nf1 Ng6 23. Be3 Bf8 24. Nd2) 21... Rxd8 {[#]} 22. Rd1 $146 Rxd1+ 23. Qxd1 Qd6 24. Qxd6 Bxd6 $11 {KBN-KBN} 25. Kf1 Nd8 26. Ke2 Ne6 27. Be3 f6 28. Ne1 Bc5 29. Nd3 Bxe3 {Accuracy: White = 59%, Black = 58%.} 1/2-1/2

[Event "IV Zicosur Open 2019"]
[Site "Antofagasta"]
[Date "2019.01.08"]
[Round "7"]
[White "Bolanos, Fernando"]
[Black "Granda Zuniga, Julio E"]
[Result "1/2-1/2"]
[WhiteElo "2231"]
[BlackElo "2641"]
[Annotator "TA"]
[PlyCount "174"]
[EventDate "2019.01.05"]
[EventType "swiss"]
[EventCountry "CHI"]
[SourceTitle "playchess.com"]
[Source "ChessBase"]
[SourceQuality "1"]

{[%evp 12,174,0,-9,-12,-9,-6,-7,-9,-28,-11,-9,-9,-27,-29,-33,-26,-25,-18,-29,0,0,0,0,27,27,22,12,29,5,16,15,22,13,26,35,45,14,42,43,79,12,38,20,53,11,19,0,41,17,28,0,35,20,28,28,28,28,29,31,45,52,30,0,8,9,51,0,0,0,0,0,0,0,0,0,0,0,0,0,0,0,0,0,0,0,0,0,0,0,0,0,0,0,0,0,0,0,0,0,8,0,0,0,0,0,0,0,0,0,0,0,0,0,0,0,0,0,0,0,0,0,0,0,0,-20,-19,-9,0,-12,0,0,68,-37,0,0,0,-256,-228,-289,-241,-401,-389,-526,0,0,8,8,8,0,166,165,154,0,0,0,0,0,60,0,0,0,0,0,0]} 1. e4 c5 2. Nf3 d6 3. c4 e5 4. Be2 (4. Nc3 Nc6 5. g3 g6 6. h4 h5 7. d3 Bh6 8. Bh3 Bxh3 9. Rxh3 Bxc1 10. Qxc1 Nf6 11. Rh1 Nd4 12. Nxd4 cxd4 {½-½ (72) Laznicka,V (2661)-Neuman,P (2420) Prague 2016}) 4... Nc6 5. Nc3 g6 6. d3 {B50: Sicilian: 2...d6, Miscellaneous} Bg7 7. h4 {LiveBook: 5 Games} h6 8. h5 g5 9. Nd2 $146 ({Predecessor:} 9. Nh2 Nge7 10. g4 Be6 11. Be3 Nd4 12. Qd2 Qd7 {½-½ (31) Pahomov,R (2220)-Chernov,M (2202) Ekaterinburg 2014}) 9... Nd4 10. g4 Ne7 11. Nf1 a6 12. a4 Bd7 13. Ne3 O-O 14. O-O b5 15. Bd2 bxc4 16. dxc4 Rb8 17. Ra2 Bf6 18. Ncd5 Nec6 19. Qe1 Kg7 20. Bd1 Qc8 21. f3 Bd8 22. Rf2 Rb7 23. Bc3 Qb8 24. Bc2 Qa7 25. Kg2 f6 26. Bd1 (26. a5 $16) 26... Be6 27. Ra3 Rff7 28. b3 Qb8 {[%cal Rd4b3]} 29. Rb2 Bb6 30. Ra1 Qd8 31. Rab1 Rb8 32. b4 cxb4 33. Nxb4 Nxb4 34. Rxb4 Nc6 35. R4b2 Bc5 36. Rxb8 Nxb8 37. Nd5 Qc8 38. a5 Rb7 39. Bc2 (39. Ba4 $14) 39... Nc6 $11 40. Rxb7+ Qxb7 41. Qb1 Qc8 42. Bd1 Kf7 43. Kf1 {[%cal Bg2f1,Bf1e1,Be1d2,Bd2d1][%mdl 32]} Nd4 44. Ke1 Bd7 45. Kd2 Bc6 46. Qb2 Ne6 47. Be2 Qa8 48. Nb6 Qb7 49. Nd5 Qa7 50. Kd1 Nf4 51. Bf1 Ne6 52. Be2 Nf8 53. Bb4 Nd7 54. Bc3 Qa8 55. Kd2 Qc8 56. Qa2 Nf8 57. Kd1 Ne6 58. Kd2 Nf4 59. Bf1 Bd7 60. Qb3 Be6 61. Qb1 Ba7 62. Qb4 Bc5 63. Qb1 Bd7 64. Qb3 Bc6 65. Kd1 Qd8 66. Kd2 Kg7 67. Qa2 Qd7 68. Qb3 Qa7 69. Kd1 Kf7 70. Nb6 f5 71. gxf5 Nxh5 (71... g4 $11) 72. Nd5 (72. Bb4 $1 $14) 72... Nf6 73. Bd2 Nd7 74. f4 $2 {[%mdl 8192]} (74. Bd3 $11) 74... exf4 $19 75. Qh3 {Threatens to win with Qh5+.} Bxd5 $1 76. Qh5+ $2 (76. cxd5 Qb7 77. Kc2) 76... Ke7 77. cxd5 Bb4 $2 (77... Qb7 $19 78. Bd3 Qb3+ 79. Bc2 Qa3) 78. Bxb4 $11 {Black must now prevent Bc3.} Qd4+ 79. Bd2 Nf6 80. Qxh6 {Hoping for Kc2.} Nxe4 $2 {[#]} (80... Qa4+ $11 {and Black has nothing to worry.} 81. Kc1 Qa1+ 82. Kc2 Qa2+ 83. Kd1 Qa4+ 84. Kc1 Qa1+ 85. Kc2 Qa2+ 86. Kd1 Qb3+ 87. Kc1 Qa3+ 88. Kd1 Qa4+) 81. f6+ $1 $18 Nxf6 {[#]} (81... Qxf6 82. Qh7+) 82. Qxg5 $2 ({White has to play} 82. Qg7+ $1 $16 Ke8 83. Bxa6 Qa1+ 84. Ke2 f3+ {[%mdl 64] Decoy} 85. Kxf3 Qd1+ 86. Ke3 (86. Be2 g4+ 87. Kg3 Ne4+ 88. Kf4 Qxd2+ 89. Kxe4 Qxe2+ 90. Kf5 Qf3+ 91. Ke6 Qe2+ 92. Kxd6 Qa6+ {[%mdl 64] Double Attack} 93. Kc5 Qxa5+ 94. Kc4 Qa6+ 95. Kc5 Qd3 $11) 86... Ng4+ 87. Kd3 Ne5+ 88. Kc3 Qa1+ 89. Kc2 Qa2+ 90. Kd1 Qa4+ 91. Kc1 Qa3+ 92. Kc2 Qa2+ 93. Kd1 Qb3+ 94. Ke2 Qf3+ 95. Ke1 Qg3+ 96. Kd1 Qb3+ 97. Ke1 Qg3+ 98. Kd1 Qb3+) 82... Qa4+ $11 83. Ke2 Qe4+ 84. Kd1 Qb1+ ({Black should play} 84... Qa4+ $11 85. Ke1 Qe4+ 86. Be2 (86. Kd1 Qa4+ $11) 86... f3) 85. Ke2 (85. Bc1 $1 $14 Qb3+ 86. Kd2 (86. Ke1 Qb4+ 87. Bd2 Qe4+ 88. Be2 f3 $11) 86... Qb4+ 87. Kc2 Qa4+ 88. Kc3 Qxa5+ 89. Kb3 Qxd5+ 90. Qxd5 Nxd5 91. Bc4 (91. Bxa6 f3 $16)) 85... Qe4+ {The position is equal.} 86. Kf2 {Strongly threatening Qg7+.} Qd4+ 87. Ke2 Qe4+ {Accuracy: White = 52%, Black = 51%.} 1/2-1/2

[Event "IV Zicosur Open 2019"]
[Site "Antofagasta"]
[Date "2019.01.08"]
[Round "7"]
[White "Delgadillo, Adonay"]
[Black "Yuri, Gonzalez Vidal"]
[Result "1/2-1/2"]
[WhiteElo "2218"]
[BlackElo "2562"]
[Annotator "TA"]
[PlyCount "76"]
[EventDate "2019.01.05"]
[EventType "swiss"]
[EventCountry "CHI"]
[SourceTitle "playchess.com"]
[Source "ChessBase"]
[SourceQuality "1"]

{[%evp 31,76,27,24,12,41,44,72,61,79,72,98,94,93,84,93,95,247,242,262,-18,-9,-33,-37,-45,-16,-15,0,0,0,-52,-45,-51,-58,-60,-18,-18,-22,-25,-2,-9,0,0,0,-15,0,0,0]} 1. e4 e5 2. Nf3 Nc6 3. Bb5 a6 4. Ba4 Nf6 5. O-O Be7 6. Re1 b5 7. Bb3 d6 8. c3 O-O 9. h3 Nb8 10. d4 Nbd7 11. Nbd2 c5 12. Nf1 {C95: Closed Ruy Lopez: Breyer Variation with 10 d4} Re8 13. Ng3 Bf8 14. Ng5 (14. Bc2 cxd4 15. cxd4 exd4 16. Bf4 Bb7 17. Nxd4 g6 18. Qd2 Nc5 19. Bg5 Bg7 {½-½ (37) Karjakin,S (2760)-Kovalev,V (2664) Batumi 2018}) 14... c4 15. Bc2 h6 16. Nf3 Bb7 {LiveBook: 7 Games} 17. d5 g6 18. Be3 Nc5 19. b4 cxb3 20. axb3 {[%cal Ba2b3,Bb3b4][%mdl 32]} Qc7 21. b4 $146 ({Predecessor:} 21. Qd2 Kh7 22. Rec1 Rec8 23. Nh2 Bg7 24. Ng4 {½-½ (46) Kassinopoullos,D (2110)-Arosemena Torrijos,J (2203) Khanty-Mansiysk 2010}) 21... Ncd7 22. Ra3 h5 23. Bd3 Bxd5 $2 (23... Reb8 $16) 24. exd5 $18 e4 25. Bd4 $2 ({White has to play} 25. Nxe4 $1 $18 Nxe4 26. Bd4) 25... exd3 $11 26. Rxe8 Rxe8 27. Qxd3 Qb7 28. c4 Rc8 (28... Ne5 {keeps more tension.} 29. Ne4 Nxe4 30. Qxe4 Bg7 31. Bxe5 Bxe5 32. Nxe5 Rxe5 33. Qd4 bxc4 34. Qxc4 Qb5) 29. cxb5 $1 axb5 30. Bxf6 (30. Ne4 $11 Bg7 31. Nc3 (31. Nxd6 Rc1+ 32. Kh2 Qb8 $17)) 30... Nxf6 $15 31. Ne4 Nxe4 ({Avoid the trap} 31... Nxd5 $2 {[#]} 32. Qxd5 $1 {[%mdl 512]} Rc1+ 33. Kh2 $18) 32. Qxe4 Rc1+ (32... Qc7 $5 {[%cal Rc7c1]} 33. Ra5 Qc1+ 34. Kh2 Rc4 $15) 33. Kh2 Rc4 34. Qe8 {[#] Strongly threatening Ra8.} Rc8 35. Qe4 {The position is equal.} Rc4 36. Qe8 {Black must now prevent Ra8.} Rc8 37. Qe4 Rc4 38. Qe8 {aiming for Ra8.} Rc8 {Accuracy: White = 54%, Black = 26%.} 1/2-1/2